[Event "South Moravia Region-chT 2223"]
[Site "Czech Republic"]
[Date "2023.02.26"]
[Round "9.8"]
[White "Cihal, Jan"]
[Black "Ling, Bronislav"]
[Result "1/2-1/2"]
[WhiteElo "1720"]
[BlackElo "1744"]
[PlyCount "26"]
[EventDate "2022.10.09"]
[EventType "team-tourn"]
[EventRounds "11"]
[EventCountry "CZE"]
[SourceTitle "EXT 2024"]
[Source "ChessBase"]
[SourceDate "2023.10.10"]
[SourceVersion "1"]
[SourceVersionDate "2023.10.10"]
[SourceQuality "1"]

1. Nf3 Nf6 2. c4 c5 3. Nc3 e6 4. d3 Be7 5. g3 b6 6. Bg2 Bb7 7. 0-0 0-0 8. a3 a6 9. b3 d6 10. Rb1 Qc7 11. Bd2 Nbd7 12. Qc2 Rfc8 13. Rfc1 Rab8 1/2-1/2

[Event "South Moravia Region-chT 2223"]
[Site "Czech Republic"]
[Date "2022.11.27"]
[Round "4.8"]
[White "Ling, Bronislav"]
[Black "Soucek, Andrej"]
[Result "1/2-1/2"]
[WhiteElo "1744"]
[BlackElo "1726"]
[PlyCount "33"]
[EventDate "2022.10.09"]
[EventType "team-tourn"]
[EventRounds "11"]
[EventCountry "CZE"]
[SourceTitle "EXT 2024"]
[Source "ChessBase"]
[SourceDate "2023.10.10"]
[SourceVersion "1"]
[SourceVersionDate "2023.10.10"]
[SourceQuality "1"]

1. e4 c5 2. Nf3 d6 3. Bc4 Nf6 4. Nc3 a6 5. a4 Nc6 6. d4 cxd4 7. Nxd4 e6 8. Bg5 Be7 9. 0-0 Qc7 10. Nxc6 bxc6 11. Qe2 0-0 12. Kh1 Rb8 13. b3 Qa5 14. Bd2 Qb6 15. Be3 Qa5 16. Bd2 Qb6 17. Be3 1/2-1/2

[Event "Ostrava Konik op"]
[Site "Ostrava"]
[Date "2014.04.30"]
[Round "5"]
[White "Ling, Bronislav"]
[Black "Glacner, Karel"]
[Result "1-0"]
[WhiteElo "1981"]
[BlackElo "1579"]
[PlyCount "89"]
[EventDate "2014.04.26"]
[EventType "swiss"]
[EventRounds "9"]
[EventCountry "CZE"]
[SourceTitle "CBM 160 Extra"]
[Source "ChessBase"]
[SourceDate "2014.07.01"]
[SourceVersion "1"]
[SourceVersionDate "2014.07.01"]
[SourceQuality "1"]

1. d4 Nf6 2. c4 g6 3. Nc3 Bg7 4. Nf3 d5 5. cxd5 Nxd5 6. e4 Nxc3 7. bxc3 c5 8. Be2 cxd4 9. cxd4 Nc6 10. Be3 Qa5+ 11. Qd2 Qxd2+ 12. Kxd2 Bg4 13. Rab1 0-0 14. d5 Bxf3 15. gxf3 Na5 16. Rhc1 b6 17. Ba6 Be5 18. f4 Bd6 19. e5 Bb8 20. Rc2 Rd8 21. Ke2 f6 22. Bd2 fxe5 23. Bxa5 bxa5 24. Bb7 Bd6 25. Bxa8 Rxa8 26. fxe5 Bxe5 27. h3 Bd6 28. Rbc1 Kg7 29. Rc8 Rxc8 30. Rxc8 a4 31. Kf3 Kf6 32. Ke4 Kg5 33. Rc3 h5 34. Rd3 Bc5 35. f4+ Kh4 36. Rf3 a3 37. Ke5 Bd6+ 38. Ke6 g5 39. fxg5 Kxg5 40. Rf7 Kh4 41. Rxe7 Bxe7 42. Kxe7 Kxh3 43. d6 Kh2 44. d7 h4 45. d8Q 1-0

[Event "Ostrava Konik op-A"]
[Site "Ostrava"]
[Date "2011.05.07"]
[Round "8"]
[White "Ling, Bronislav"]
[Black "Turner, Radek"]
[Result "1/2-1/2"]
[WhiteElo "2010"]
[BlackElo "2138"]
[PlyCount "170"]
[EventDate "2011.04.30"]
[EventType "swiss"]
[EventRounds "9"]
[EventCountry "CZE"]
[SourceTitle "CBM 142 Extra"]
[Source "ChessBase"]
[SourceDate "2011.06.27"]
[SourceVersion "1"]
[SourceVersionDate "2011.06.27"]
[SourceQuality "1"]

1. e4 e6 2. d4 d5 3. Nc3 Bb4 4. a3 Bxc3+ 5. bxc3 dxe4 6. f3 c5 7. Bb5+ Bd7 8. Qe2 Qa5 9. Bxd7+ Nxd7 10. Bd2 e3 11. Qxe3 Ngf6 12. Nh3 h6 13. 0-0 0-0 14. g4 Nd5 15. Qd3 c4 16. Qxc4 Rfc8 17. Qd3 Nxc3 18. Rab1 Qa6 19. Qxa6 bxa6 20. Rb7 Nb6 21. Rf2 Nb5 22. Bb4 Nxd4 23. c3 Nc6 24. g5 a5 25. Bd6 Rd8 26. Bf4 hxg5 27. Nxg5 Rd7 28. Rxd7 Nxd7 29. Rb2 Nb6 30. Bc7 Rc8 31. Bxb6 Rb8 32. Rd2 axb6 33. Rd7 Nd8 34. Kf2 Kf8 35. Ne4 Ke8 36. Rc7 Kf8 37. Nd6 b5 38. Rd7 f6 39. Kg3 Nc6 40. Rf7+ Kg8 41. Rc7 Ne5 42. Re7 Nc4 43. Nxc4 bxc4 44. Ra7 Rb3 45. Rxa5 Rxc3 46. Rc5 e5 47. Kf2 Rxa3 48. Rxc4 Kf7 49. Rg4 g6 50. Rb4 Ke6 51. Rg4 Kf5 52. Re4 Rd3 53. Rg4 Rd4 54. Rg1 g5 55. h3 Rh4 56. Kg3 e4 57. fxe4+ Rxe4 58. Rf1+ Kg6 59. Rf3 Ra4 60. Rb3 f5 61. Rb6+ Kh5 62. Rb8 f4+ 63. Kf2 Ra2+ 64. Kf3 Ra3+ 65. Kg2 Rg3+ 66. Kh2 Ra3 67. Kg2 Kg6 68. Rg8+ Kf5 69. Rg7 Rg3+ 70. Kh2 Ke4 71. Ra7 Rd3 72. Ra5 Rd2+ 73. Kg1 Ke3 74. Rxg5 Rd1+ 75. Kh2 f3 76. Re5+ Kf2 77. Re8 Kf1 78. h4 f2 79. Kg3 Kg1 80. Rf8 Rd7 81. Rxf2 Rg7+ 82. Kf4 Kxf2 83. h5 Kg2 84. h6 Rg8 85. Kf5 Kh3 1/2-1/2

[Event "Ostrava op"]
[Site "Ostrava"]
[Date "2010.05.08"]
[Round "8"]
[White "Ling, Bronislav"]
[Black "Chrostek, Lukas"]
[Result "1-0"]
[WhiteElo "2055"]
[BlackElo "1750"]
[PlyCount "67"]
[EventDate "2010.05.01"]
[EventType "swiss"]
[EventRounds "9"]
[EventCountry "CZE"]
[SourceTitle "EXT 2011"]
[Source "ChessBase"]
[SourceDate "2010.11.26"]
[SourceVersion "1"]
[SourceVersionDate "2010.11.26"]
[SourceQuality "1"]

1. e4 e5 2. Nf3 Nc6 3. Bb5 a6 4. Ba4 Nf6 5. 0-0 Be7 6. Re1 b5 7. Bb3 d6 8. c3 0-0 9. h3 Nb8 10. d4 Nbd7 11. Nbd2 Bb7 12. Bc2 Re8 13. Nf1 Bf8 14. Ng3 c5 15. d5 Qc7 16. Bg5 h6 17. Be3 Nb6 18. Nh2 Bc8 19. Qf3 Nc4 20. Bc1 b4 21. Bd3 Nb6 22. cxb4 cxb4 23. Bxh6 gxh6 24. Qxf6 Bg7 25. Qf3 Nd7 26. Nh5 Bf8 27. Ng4 Bg7 28. Qg3 Kh8 29. Nxg7 Kxg7 30. Nxe5+ Kf8 31. Nxd7+ Qxd7 32. Qf4 Kg7 33. Re3 Rh8 34. Rg3+ 1-0

[Event "Ostrava op"]
[Site "Ostrava"]
[Date "2010.05.06"]
[Round "6"]
[White "Ling, Bronislav"]
[Black "Zemlicka, Vit"]
[Result "0-1"]
[WhiteElo "2055"]
[BlackElo "1920"]
[PlyCount "52"]
[EventDate "2010.05.01"]
[EventType "swiss"]
[EventRounds "9"]
[EventCountry "CZE"]
[SourceTitle "EXT 2011"]
[Source "ChessBase"]
[SourceDate "2010.11.26"]
[SourceVersion "1"]
[SourceVersionDate "2010.11.26"]
[SourceQuality "1"]

1. e4 e5 2. Nf3 Nc6 3. Bb5 a6 4. Ba4 Nf6 5. 0-0 Be7 6. Re1 b5 7. Bb3 0-0 8. c3 d5 9. exd5 Nxd5 10. Nxe5 Nxe5 11. Rxe5 c6 12. d4 Bd6 13. Re1 Qh4 14. g3 Qh3 15. Be3 Bg4 16. Qd3 Rae8 17. Nd2 Re6 18. a4 bxa4 19. Bxd5 cxd5 20. Rxa4 f5 21. Qf1 Qh5 22. Rxa6 f4 23. Bxf4 Bh3 24. Rxe6 Bxf1 25. Raxd6 Bh3 26. Re1 Rxf4 0-1

[Event "Ostrava op"]
[Site "Ostrava"]
[Date "2010.05.05"]
[Round "5"]
[White "Cervenka, Roman"]
[Black "Ling, Bronislav"]
[Result "1/2-1/2"]
[WhiteElo "1870"]
[BlackElo "2055"]
[PlyCount "48"]
[EventDate "2010.05.01"]
[EventType "swiss"]
[EventRounds "9"]
[EventCountry "CZE"]
[SourceTitle "EXT 2011"]
[Source "ChessBase"]
[SourceDate "2010.11.26"]
[SourceVersion "1"]
[SourceVersionDate "2010.11.26"]
[SourceQuality "1"]

1. e4 e5 2. Nf3 Nc6 3. d4 exd4 4. Nxd4 Nf6 5. Nc3 Bb4 6. Nxc6 bxc6 7. Bd2 Qe7 8. Qe2 0-0 9. e5 Nd5 10. Nxd5 cxd5 11. Bxb4 Qxb4+ 12. c3 Qe4 13. f3 Qxe2+ 14. Bxe2 Re8 15. f4 f6 16. 0-0 fxe5 17. fxe5 Rxe5 18. Bf3 Rb8 19. Rae1 Rxe1 20. Rxe1 Bb7 21. Re7 Bc6 22. b3 Kf8 23. Re5 g6 24. Kf2 Re8 1/2-1/2

[Event "Ostrava op"]
[Site "Ostrava"]
[Date "2010.05.03"]
[Round "3"]
[White "Pazderska, Magdalena"]
[Black "Ling, Bronislav"]
[Result "0-1"]
[WhiteElo "1740"]
[BlackElo "2055"]
[PlyCount "64"]
[EventDate "2010.05.01"]
[EventType "swiss"]
[EventRounds "9"]
[EventCountry "CZE"]
[SourceTitle "EXT 2011"]
[Source "ChessBase"]
[SourceDate "2010.11.26"]
[SourceVersion "1"]
[SourceVersionDate "2010.11.26"]
[SourceQuality "1"]

1. e4 e5 2. Nf3 Nc6 3. d3 Bc5 4. Nbd2 d6 5. h3 Nf6 6. Be2 h6 7. c3 a6 8. Qc2 Qe7 9. Nf1 0-0 10. g4 Nh7 11. Ng3 b5 12. Nf5 Bxf5 13. gxf5 Rad8 14. Rg1 Kh8 15. Nh2 d5 16. Ng4 Qh4 17. Rg3 dxe4 18. dxe4 Rd7 19. Bd2 Rfd8 20. Be3 Bxe3 21. Nxe3 Nf6 22. Ng4 Nh5 23. Rf3 Nf4 24. Bf1 h5 25. Nh2 Qe7 26. Rg3 Qc5 27. Nf3 Nb4 28. Qb1 Nbd3+ 29. Bxd3 Nxd3+ 30. Kd1 Qxf2 31. Rg5 Nxb2+ 32. Kc1 Rd1# 0-1

[Event "Ostrava op"]
[Site "Ostrava"]
[Date "2009.05.06"]
[Round "5"]
[White "Blecha, Zdenek"]
[Black "Ling, Bronislav"]
[Result "1/2-1/2"]
[WhiteElo "1980"]
[BlackElo "2080"]
[PlyCount "41"]
[EventDate "2009.05.02"]
[EventType "swiss"]
[EventRounds "9"]
[EventCountry "CZE"]
[SourceTitle "EXT 2011"]
[Source "ChessBase"]
[SourceDate "2010.11.26"]
[SourceVersion "1"]
[SourceVersionDate "2010.11.26"]
[SourceQuality "1"]

1. e4 c5 2. Nf3 d6 3. Be2 Nc6 4. c3 Nf6 5. d3 g6 6. 0-0 Bg7 7. Na3 0-0 8. Bg5 a6 9. Qc1 b5 10. Re1 Bb7 11. Nc2 Rc8 12. Bh6 Re8 13. Bxg7 Kxg7 14. Qg5 h6 15. Qd2 Qb6 16. Bf1 e5 17. Nh4 Qd8 18. g3 Rc7 19. Bh3 Ne7 20. Rad1 Bc8 21. Kg2 1/2-1/2

[Event "Ostrava op"]
[Site "Ostrava"]
[Date "2009.05.04"]
[Round "3"]
[White "Lexa, Vaclav"]
[Black "Ling, Bronislav"]
[Result "1/2-1/2"]
[WhiteElo "1900"]
[BlackElo "2080"]
[PlyCount "30"]
[EventDate "2009.05.02"]
[EventType "swiss"]
[EventRounds "9"]
[EventCountry "CZE"]
[SourceTitle "EXT 2011"]
[Source "ChessBase"]
[SourceDate "2010.11.26"]
[SourceVersion "1"]
[SourceVersionDate "2010.11.26"]
[SourceQuality "1"]

1. d4 d5 2. c4 e6 3. Nc3 c5 4. cxd5 cxd4 5. Qxd4 Nc6 6. Qd1 exd5 7. e3 Nf6 8. Nf3 Be7 9. Be2 0-0 10. 0-0 Bf5 11. Nd4 Be6 12. a3 Rc8 13. Bd3 Nxd4 14. exd4 Bg4 15. Be2 Bxe2 1/2-1/2

[Event "Ostrava op"]
[Site "Ostrava"]
[Date "2009.05.03"]
[Round "2"]
[White "Ling, Bronislav"]
[Black "Habada, Jindrich"]
[Result "0-1"]
[WhiteElo "2080"]
[BlackElo "1910"]
[PlyCount "52"]
[EventDate "2009.05.02"]
[EventType "swiss"]
[EventRounds "9"]
[EventCountry "CZE"]
[SourceTitle "EXT 2011"]
[Source "ChessBase"]
[SourceDate "2010.11.26"]
[SourceVersion "1"]
[SourceVersionDate "2010.11.26"]
[SourceQuality "1"]

1. e4 c5 2. Nf3 e6 3. d4 cxd4 4. Nxd4 Nc6 5. Be3 Nf6 6. Nc3 d6 7. f3 Be7 8. Qd2 a6 9. 0-0-0 Qc7 10. g4 b5 11. Nxc6 Qxc6 12. Kb1 Nd7 13. Ne2 Ne5 14. Nd4 Qc7 15. Qf2 Bb7 16. h4 Rc8 17. g5 d5 18. exd5 Bxd5 19. Qg3 Bxf3 20. Bxb5+ axb5 21. Nxf3 Qxc2+ 22. Ka1 Nc4 23. Bd4 Bd6 24. Qh3 0-0 25. g6 hxg6 26. h5 Ra8 0-1

[Event "Ostrava op"]
[Site "Ostrava"]
[Date "2009.05.02"]
[Round "1"]
[White "Vesselovsky, Serguei"]
[Black "Ling, Bronislav"]
[Result "1-0"]
[WhiteElo "2390"]
[BlackElo "2080"]
[PlyCount "73"]
[EventDate "2009.05.02"]
[EventType "swiss"]
[EventRounds "9"]
[EventCountry "CZE"]
[SourceTitle "EXT 2011"]
[Source "ChessBase"]
[SourceDate "2010.11.26"]
[SourceVersion "1"]
[SourceVersionDate "2010.11.26"]
[SourceQuality "1"]

1. e4 c5 2. Nc3 Nc6 3. Bb5 g6 4. Bxc6 dxc6 5. d3 Bg7 6. Be3 b6 7. Qd2 Nf6 8. Bh6 0-0 9. Bxg7 Kxg7 10. f4 h6 11. Nf3 Bg4 12. Ne5 Qc7 13. 0-0 Be6 14. Rae1 Rad8 15. Qe3 Qd6 16. h3 Bc8 17. Kh1 Nd7 18. Nc4 Qc7 19. f5 Nf6 20. e5 Nd5 21. f6+ Kh7 22. Nxd5 cxd5 23. fxe7 Qxe7 24. Nd6 Be6 25. d4 cxd4 26. Qxd4 Qg5 27. Rf6 Rd7 28. Ref1 Kg8 29. h4 Qg3 30. R1f3 Qe1+ 31. Rf1 Qg3 32. R1f3 Qe1+ 33. Kh2 h5 34. Qf4 Bg4 35. Rxg6+ fxg6 36. Qxf8+ Kh7 37. Nf7 1-0

[Event "Ostrava CEZ op"]
[Site "Ostrava"]
[Date "2006.05.07"]
[Round "9"]
[White "Ling, Bronislav"]
[Black "Taus, Martin"]
[Result "1/2-1/2"]
[WhiteElo "2085"]
[BlackElo "2115"]
[PlyCount "20"]
[EventDate "2006.04.29"]
[EventType "swiss"]
[EventRounds "9"]
[EventCountry "CZE"]
[SourceTitle "EXT 2008"]
[Source "ChessBase"]
[SourceDate "2007.11.25"]
[SourceVersion "1"]
[SourceVersionDate "2007.11.25"]
[SourceQuality "1"]

1. Nf3 Nf6 2. d4 d5 3. c4 c6 4. Nc3 e6 5. Bg5 Be7 6. e3 0-0 7. Bd3 Nbd7 8. 0-0 Re8 9. Rc1 b6 10. cxd5 exd5 1/2-1/2

[Event "Ostrava CEZ op"]
[Site "Ostrava"]
[Date "2006.05.04"]
[Round "6"]
[White "Vagner, Ladislav"]
[Black "Ling, Bronislav"]
[Result "1/2-1/2"]
[WhiteElo "1937"]
[BlackElo "2085"]
[PlyCount "41"]
[EventDate "2006.04.29"]
[EventType "swiss"]
[EventRounds "9"]
[EventCountry "CZE"]
[SourceTitle "EXT 2008"]
[Source "ChessBase"]
[SourceDate "2007.11.25"]
[SourceVersion "1"]
[SourceVersionDate "2007.11.25"]
[SourceQuality "1"]

1. d4 d5 2. Nf3 Nf6 3. c4 dxc4 4. Nc3 a6 5. a4 Bf5 6. Ne5 e6 7. Bg5 Be7 8. e3 Nbd7 9. Nxc4 0-0 10. Be2 c5 11. Qb3 cxd4 12. exd4 b5 13. Ne3 bxa4 14. Rxa4 Bg6 15. 0-0 a5 16. Nc4 Rb8 17. Qa2 Nb6 18. Rxa5 Nxc4 19. Bxc4 Rxb2 20. Qxb2 Qxa5 21. Bf4 1/2-1/2

[Event "Ostrava CEZ op"]
[Site "Ostrava"]
[Date "2006.05.03"]
[Round "5"]
[White "Ling, Bronislav"]
[Black "Olsarova, Tereza"]
[Result "0-1"]
[WhiteElo "2085"]
[BlackElo "1923"]
[PlyCount "62"]
[EventDate "2006.04.29"]
[EventType "swiss"]
[EventRounds "9"]
[EventCountry "CZE"]
[SourceTitle "EXT 2008"]
[Source "ChessBase"]
[SourceDate "2007.11.25"]
[SourceVersion "1"]
[SourceVersionDate "2007.11.25"]
[SourceQuality "1"]

1. e4 e5 2. Bc4 Nf6 3. d3 Nc6 4. Nf3 Be7 5. 0-0 0-0 6. c3 d5 7. exd5 Nxd5 8. Re1 Bf6 9. Nbd2 Bg4 10. Ne4 Be7 11. h3 Bc8 12. d4 exd4 13. Nxd4 Nxd4 14. Qxd4 Nf6 15. Nxf6+ Bxf6 16. Qe4 c6 17. Bf4 Qb6 18. Qc2 Bd7 19. Rad1 Rad8 20. Re2 g6 21. Bh6 Bg7 22. Bg5 Bf5 23. Bd3 Rxd3 24. Rxd3 Qb5 25. c4 Bxd3 26. cxb5 Bxc2 27. Rxc2 cxb5 28. b3 Be5 29. Rc5 f6 30. Rxb5 Rd8 31. g3 a6 0-1

[Event "Ostrava SME op"]
[Site "Ostrava"]
[Date "2005.05.06"]
[Round "7"]
[White "Kolar, Stanislav"]
[Black "Ling, Bronislav"]
[Result "1-0"]
[WhiteElo "2157"]
[BlackElo "2090"]
[PlyCount "109"]
[EventDate "2005.04.30"]
[EventType "swiss"]
[EventRounds "9"]
[EventCountry "CZE"]
[SourceTitle "CBM 106 Extra"]
[Source "ChessBase"]
[SourceDate "2005.07.01"]
[SourceVersion "1"]
[SourceVersionDate "2005.07.01"]
[SourceQuality "1"]

1. e4 e6 2. d3 d5 3. Nd2 c5 4. g3 Nf6 5. Bg2 dxe4 6. dxe4 Nc6 7. Ngf3 Be7 8. 0-0 0-0 9. Re1 Qc7 10. c3 Rd8 11. Qe2 b6 12. Nc4 Ba6 13. Bf4 Qc8 14. Rad1 Rxd1 15. Rxd1 Qf8 16. b3 Na5 17. Nfe5 Rd8 18. Rxd8 Qxd8 19. h4 Kf8 20. Bf3 Nxc4 21. bxc4 Nd7 22. Nc6 Qa8 23. Nxe7 Kxe7 24. e5 Bb7 25. Bxb7 Qxb7 26. Qd3 h6 27. Qh7 Qf3 28. Qxg7 Qxc3 29. Qxh6 Qe1+ 30. Kg2 Qe4+ 31. Kh2 Nxe5 32. Qg5+ f6 33. Qg7+ Nf7 34. h5 Qxc4 35. h6 Qe2 36. Be3 Qh5+ 37. Kg2 Qd5+ 38. f3 Qxa2+ 39. Bf2 Qd2 40. h7 Qd8 41. Qg8 a5 42. g4 e5 43. g5 Qd2 44. g6 Qg5+ 45. Kf1 Qc1+ 46. Be1 Qc4+ 47. Kg2 Qe2+ 48. Bf2 Ng5 49. Qa8 e4 50. Qb7+ Ke6 51. Qc8+ Kd6 52. h8Q Qxf3+ 53. Kg1 Qd1+ 54. Kh2 Nf3+ 55. Kg3 1-0

[Event "Ostrava SME op"]
[Site "Ostrava"]
[Date "2005.05.05"]
[Round "6"]
[White "Ling, Bronislav"]
[Black "Vesely, Libor"]
[Result "1-0"]
[WhiteElo "2090"]
[BlackElo "2084"]
[PlyCount "87"]
[EventDate "2005.04.30"]
[EventType "swiss"]
[EventRounds "9"]
[EventCountry "CZE"]
[SourceTitle "CBM 106 Extra"]
[Source "ChessBase"]
[SourceDate "2005.07.01"]
[SourceVersion "1"]
[SourceVersionDate "2005.07.01"]
[SourceQuality "1"]

1. e4 c5 2. Nf3 d6 3. d4 cxd4 4. Nxd4 Nf6 5. Nc3 g6 6. Be3 Bg7 7. f3 Nc6 8. Bc4 Qb6 9. 0-0 0-0 10. Bb3 Nxe4 11. Na4 Bxd4 12. Nxb6 Bxe3+ 13. Kh1 Ng3+ 14. hxg3 axb6 15. Qe2 Bh6 16. c3 Ra5 17. g4 Re5 18. Qf2 Be3 19. Qc2 Bf4 20. Rae1 Bg3 21. Rxe5 dxe5 22. Rd1 Kg7 23. Kg1 Rh8 24. Qe4 h5 25. g5 h4 26. Qc4 e6 27. Qb5 Bf4 28. Qxb6 Bxg5 29. a4 Bf4 30. a5 Ne7 31. Qc7 Nd5 32. Bxd5 exd5 33. Rxd5 Be6 34. Rd8 Rh5 35. Re8 Kf6 36. Qe7+ Kf5 37. Qxb7 Rg5 38. Rh8 Kf6 39. Rxh4 Be3+ 40. Kf1 Bf5 41. Qd5 Be6 42. Qd8+ Kf5 43. Qd3+ Kf6 44. Qxe3 1-0

[Event "Ostrava op-A"]
[Site "Ostrava"]
[Date "2003.05.09"]
[Round "8"]
[White "Wanot, Ales"]
[Black "Ling, Bronislav"]
[Result "1/2-1/2"]
[WhiteElo "1986"]
[BlackElo "2093"]
[PlyCount "32"]
[EventDate "2003.05.03"]
[EventType "swiss"]
[EventRounds "10"]
[EventCountry "CZE"]
[SourceTitle "EXT 2006"]
[Source "ChessBase"]
[SourceDate "2005.11.24"]
[SourceVersion "1"]
[SourceVersionDate "2005.11.24"]
[SourceQuality "1"]

1. e4 e5 2. Nf3 Nc6 3. Bc4 Bc5 4. c3 Nf6 5. d3 d6 6. h3 Be6 7. Bb3 Qe7 8. Nbd2 Bxb3 9. Nxb3 Bb6 10. Qe2 h6 11. Be3 Bxe3 12. Qxe3 0-0-0 13. 0-0-0 d5 14. Rhe1 dxe4 15. dxe4 Nh5 16. g3 Rxd1+ 1/2-1/2

[Event "MOR-chT2M 0203"]
[Site "Moravia"]
[Date "2003.02.16"]
[Round "8"]
[White "Sochor, Stanislav"]
[Black "Ling, Bronislav"]
[Result "1-0"]
[WhiteElo "2121"]
[BlackElo "2088"]
[PlyCount "95"]
[EventDate "2002.10.??"]
[EventType "team"]
[EventRounds "11"]
[EventCountry "CZE"]
[SourceTitle "EXT 2006"]
[Source "ChessBase"]
[SourceDate "2005.11.24"]
[SourceVersion "1"]
[SourceVersionDate "2005.11.24"]
[SourceQuality "1"]

1. d4 d5 2. Nf3 Nf6 3. c4 e6 4. Nc3 c6 5. e3 Nbd7 6. Bd3 Bd6 7. 0-0 0-0 8. Qc2 dxc4 9. Bxc4 e5 10. h3 exd4 11. exd4 Nb6 12. Bd3 h6 13. a3 Nbd5 14. b4 Nxc3 15. Qxc3 Nd5 16. Qb2 Qf6 17. Ne5 Re8 18. Re1 Bf5 19. Bc4 Be6 20. b5 c5 21. dxc5 Bxc5 22. Nf3 Qg6 23. Ne5 Qg3 24. Kf1 Qh2 25. Nf3 Ne3+ 26. fxe3 Bxc4+ 27. Kf2 Qc7 28. Qc3 Bd6 29. Bb2 Bg3+ 30. Kg1 f6 31. Rec1 Rac8 32. Nd2 Bd5 33. Qxc7 Rxc7 34. Rxc7 Bxc7 35. Bd4 Be5 36. Nf3 Bxd4 37. exd4 Rc8 38. Kf2 Kf7 39. Ke3 Rc2 40. Ne1 Rb2 41. a4 g5 42. Rc1 Rb4 43. Rc7+ Ke6 44. Nd3 Rb3 45. Kd2 Kd6 46. Rg7 Bxg2 47. Nc5 Ra3 48. Rd7# 1-0

[Event "MOR-chT2M 0203"]
[Site "Moravia"]
[Date "2002.11.17"]
[Round "3"]
[White "Jurasek, Miroslav"]
[Black "Ling, Bronislav"]
[Result "1-0"]
[WhiteElo "2340"]
[BlackElo "2088"]
[PlyCount "61"]
[EventDate "2002.10.??"]
[EventType "team"]
[EventRounds "11"]
[EventCountry "CZE"]
[SourceTitle "EXT 2006"]
[Source "ChessBase"]
[SourceDate "2005.11.24"]
[SourceVersion "1"]
[SourceVersionDate "2005.11.24"]
[SourceQuality "1"]

1. e4 e5 2. Nf3 Nc6 3. Bc4 Bc5 4. 0-0 d6 5. c3 Nf6 6. d3 0-0 7. b4 Bb6 8. a4 a6 9. h3 Qe7 10. Na3 Be6 11. a5 Ba7 12. Qe2 Nh5 13. Kh2 Nf4 14. Bxf4 exf4 15. d4 Bxc4 16. Nxc4 g5 17. Rae1 Rae8 18. Qb2 h5 19. b5 Nd8 20. b6 Bb8 21. bxc7 Bxc7 22. d5 g4 23. Nd4 Qg5 24. Nf5 Kh7 25. h4 g3+ 26. fxg3 fxg3+ 27. Kg1 Qg4 28. Qd2 Rh8 29. Rf3 Qg6 30. Rxg3 Qf6 31. Qd1 1-0